IThe Effective Executive : The Definitive Guide to Getting the Right Things Dne
| Main Author: | |
|---|---|
| Format: | Book |
| Published: |
New York, USA :
Harper Collins Publishers ,
12004
|
| Subjects: |
MARC
| LEADER | 00000cam a2200000 7i4500 | ||
|---|---|---|---|
| 001 | 0000003953 | ||
| 005 | 20121101.0 | ||
| 020 | 0 | 0 | |a 9780060833459 |
| 090 | 0 | 0 | |a 658.42 |b DRU 2004 |
| 100 | 1 | 0 | |a DRUCKER |h Peter Ferdinand |c 1909-2005 |
| 245 | 1 | 0 | |a IThe Effective Executive : |b The Definitive Guide to Getting the Right Things Dne |c Peter F. Drucker |
| 260 | 0 | 0 | |a New York, USA : |b Harper Collins Publishers , |c 12004 |
| 300 | |a 178p. ; |c 21 cm. | ||
| 650 | 0 | 0 | |a Decision Making |
| 650 | 0 | 0 | |a Executives |
| 999 | |a 007734 |b Monograph |c Open Shelf |e Default branch | ||